<?xml version="1.0" encoding="UTF-8"?>
<collection xmlns="http://www.loc.gov/MARC21/slim">
 <record>
  <leader>01668nam a2200229Ia 4500</leader>
  <controlfield tag="001">CTU_171289</controlfield>
  <controlfield tag="008">210402s9999    xx            000 0 und d</controlfield>
  <datafield tag="082" ind1=" " ind2=" ">
   <subfield code="a">495.9227</subfield>
  </datafield>
  <datafield tag="082" ind1=" " ind2=" ">
   <subfield code="b">D304</subfield>
  </datafield>
  <datafield tag="088" ind1=" " ind2=" ">
   <subfield code="a">60220121</subfield>
  </datafield>
  <datafield tag="100" ind1=" " ind2=" ">
   <subfield code="a">Trần, Thị Ngọc Diễm</subfield>
  </datafield>
  <datafield tag="245" ind1=" " ind2="0">
   <subfield code="a">Phương ngữ Nam bộ trong sáng tác của Nguyễn Ngọc Tư :</subfield>
  </datafield>
  <datafield tag="245" ind1=" " ind2="0">
   <subfield code="b">Luận văn Thạc sĩ. Chuyên ngành Văn học Việt Nam</subfield>
  </datafield>
  <datafield tag="245" ind1=" " ind2="0">
   <subfield code="c">Trần Thị Ngọc Diễm ; Nguyễn Văn Nở (Người hướng dẫn khoa học)</subfield>
  </datafield>
  <datafield tag="260" ind1=" " ind2=" ">
   <subfield code="a">Cần Thơ</subfield>
  </datafield>
  <datafield tag="260" ind1=" " ind2=" ">
   <subfield code="b">Trường Đại học Cần Thơ</subfield>
  </datafield>
  <datafield tag="260" ind1=" " ind2=" ">
   <subfield code="c">2011</subfield>
  </datafield>
  <datafield tag="520" ind1=" " ind2=" ">
   <subfield code="a">Tác giả mong muốn tìm hiểu sâu hơn về cách vận dụng phương ngữ ở một tác giả văn xuôi, cụ thể dòng văn học đương đại khu vực Đồng bằng Sông Cửu Long. Bên cạnh việc chỉ ra những đặc sắc nghệ thuật sử dụng phương ngữ Nam bộ trong sáng tác của Nguyễn Ngọc Tư, đối chiếu việc vận dụng phương ngữ Nam bộ với nhà văn Nam bộ khác và nét đặc sắc của việc vận dụng phương ngữ Nam bộ ở thể loại tạp văn và truyện ngắn.</subfield>
  </datafield>
  <datafield tag="650" ind1=" " ind2=" ">
   <subfield code="a">Vietnamese language,Ngôn ngữ Việt Nam,Vietnamese literature,Văn học Việt Nam</subfield>
  </datafield>
  <datafield tag="650" ind1=" " ind2=" ">
   <subfield code="x">Dialects,Ngôn ngữ địa phương,History and criticism,Lịch sử và phê bình</subfield>
  </datafield>
  <datafield tag="904" ind1=" " ind2=" ">
   <subfield code="i">Nguyễn Đăng Khoa, Phỉ</subfield>
  </datafield>
  <datafield tag="980" ind1=" " ind2=" ">
   <subfield code="a">Trung tâm Học liệu Trường Đại học Cần Thơ</subfield>
  </datafield>
 </record>
</collection>
